| 000 | 01381nam a2200313 a 4500 | ||
|---|---|---|---|
| 001 | 000006095 | ||
| 005 | 20200929151927.0 | ||
| 008 | 090826s2006 dr ac 000 0 spa d | ||
| 020 | _a9993462276 | ||
| 040 |
_aDO-SdBNP _bspa _cBNPHU |
||
| 082 |
_a331.2041 _bC957c |
||
| 100 | 1 |
_aCruz Mercedes, María de la _917158 |
|
| 245 | 1 | 0 |
_aCondiciones de trabajo en la industria de la construcción en la República Dominicana / _cMaría de la Cruz Mercedes ; prólogo Washington González Nina. |
| 260 |
_aSanto Domingo : _bUniversidad Autónoma de Santo Domingo, _c2006. |
||
| 300 |
_a135 p. : _bil., gráf., retrs. ; _c22 cm. |
||
| 490 | 1 |
_aUniversidad Autónoma de Santo Domingo _v879 |
|
| 490 | 1 |
_aEstudios sociales _v22 |
|
| 500 | _aIncluye datos biográficos de la autora en la contracubierta | ||
| 500 | _aIncluye glosario | ||
| 504 | _aBibliografía p. 135 | ||
| 650 | 4 |
_aIndustria de la construcción _xReglas de seguridad _zRepública Dominicana _917159 |
|
| 650 | 4 |
_aSeguridad industrial _xLegislación _917160 |
|
| 650 | 4 |
_aAccidentes en la construcción _917161 |
|
| 650 | 4 |
_aTrabajadores de la construcción _zRepública Dominicana _917162 |
|
| 650 | 4 |
_aLegislación laboral _zRepública Dominicana _911733 |
|
| 700 | 1 |
_aGonzález Nina, Washington, _epról. _917163 |
|
| 830 | 0 |
_aUniversidad Autónoma de Santo Domingo _v879 _917164 |
|
| 830 | 0 |
_aEstudios sociales _v22 _97147 |
|
| 999 |
_c5891 _d5891 |
||